Saltar al contenido
Inicio
Centros participantes
Catálogo
Servicios
Contacto
Prijava
English
Deutsch
Español
Français
Italiano
日本語
Nederlands
Português
Português (Brasil)
中文(简体)
中文(繁體)
Türkçe
עברית
Gaeilge
Cymraeg
Ελληνικά
Català
Euskara
Русский
Čeština
Suomi
Svenska
polski
Dansk
slovenščina
اللغة العربية
বাংলা
Galego
Tiếng Việt
Hrvatski
हिंदी
Հայերէն
Українська
Sámegiella
Jezik
Vsa polja
Naslov
Avtor
Tema
Signatura
ISBN/ISSN
Oznaka
Išči
Napredno
Informe sobre el Partido Democ...
Citiraj
Pošljite email
Natisni
Izvozi zadetek
Izvozi v RefWorks
Izvozi v EndNoteWeb
Izvozi v EndNote
Dodaj v priljubljene
Enlace Permanente
Agregar primera valuación
Informe sobre el Partido Democrático de Curazao
Shranjeno v:
Bibliografske podrobnosti
Glavni avtor:
Díaz, Agustín Miguel
Format:
Texto
Izdano:
Heredia:
CEDAL
Oznake:
Označite
Brez oznak, prvi označite!
Zaloga
Opis
Komentarji
Podobne knjige/članki
Knjižničarski pogled
MARC
LEADER
00000 a a2200000 04500
001
15597
003
040
090
|a
006600
100
|a
Díaz, Agustín Miguel
245
|a
Informe sobre el Partido Democrático de Curazao
260
|a
Heredia:
|b
CEDAL
300
|a
11 p.
999
|c
12212
|d
12212
Podobne knjige/članki
Socialdemocracia y clases sociales [Partido de clase o pluralista?]
od: Alexander, Robert J.
Posibilidades y limitaciones ideológicas de alianzas políticas entre los socialistas democráticos de los países de América Latina con otras agrupaciones políticas
od: Fuentes Mohr, ALberto
Notas sobre el universo del café
od: Paz Cárcamo, Guillermo
Apuntes sobre la explotación del pequeño por el gran productor cafetalero en Pérez Zeledón, 1974
od: Barrantes, Hernán
La social democracia y el orden económico
od: Parra E, Néstor Hernando